000 00921nam a2200253Ia 4500
003 OSt
005 20220923212014.0
006 a|||||r|||| 00| 0
007 ta
008 220922b |||||||| |||| 00| 0 hin d
024 _a149,756
037 _cTextual
040 _aARTS
_cARTS
_bhin
041 _2hin
_ahin
082 _a2:7, 152M3
100 _aगुप्ता, शमशेर
245 0 _aसन्दर्भ ग्रंथस्वरूप परम्परा और इतिहास
246 _aSandarbha granthasvarūp paramparā aur itihāsa
260 _aनई दिल्ली
_b इतिहास शोध संस्थान
_c1983
300 _a84p.
_ccm.
650 _aपुस्तकालय-सूचना प्रौद्योगिकी
_9158639
942 _h2:7, 152M3
_cTEXL
_2CC
999 _c305436
_d305436